000 00287nam a22001337a 4500
008 190129b xxu||||| |||| 00| 0 eng d
020 _a2545-4676
041 _aeng
080 _a070
100 _a40
101 _aMED
245 _aSeminari i Gazetarisë
_cHajrizi,E
942 _2udc
_cBK
999 _c53812
_d53812